Royaume de Dieu et liberté de l'homme /

Gorde:
Xehetasun bibliografikoak
Egile nagusia: Guardini, Romano (autor)
Formatua: Liburua
Hizkuntza:frantsesa
Argitaratua: Brujas, Bélgica : Desclée de Brouwer, 1960, c1960
Saila:(Présence Chrétienne)
Gaiak:
Etiketak: Etiketa erantsi
Etiketarik gabe, Izan zaitez lehena erregistro honi etiketa jartzen!

MARC

LEADER 00000nam^a2200000^a^4500
001 000195426
005 20250521000000.0
009 20260310102752.987
025 |a Donación sin dato, 1 ejemplar 
037 |a Acervo ITESO - Biblioteca 
041 |a FRA 
082 |a 230.  |b GUA 
100 |a Guardini, Romano  |e (autor) 
240 1 1 |a [Dominio de Dios y libertad del hombre] 
245 1 0 |a Royaume de Dieu et liberté de l'homme /  |c R. Guardini ; advertencia de Pie Duployé ; tr. por Marlyse Guthmann. 
264 4 |a Brujas, Bélgica :  |b Desclée de Brouwer,  |c 1960, c1960 
300 |a 250 p. 
336 |a texto  |b txt  |2 rdacontenido 
337 |a sin mediación  |b n  |2 rdamedio 
338 |a volumen  |b nc  |2 rdasoporte 
440 1 |a (Présence Chrétienne) 
500 |a Traducción de: Glaubenserkenntnis Versuch zur Unterscheidung und Vertiefung 
649 |a XX 
650 |a Reino de Dios 
650 |a Revelación 
650 |a Libertad 
650 |a Teología Doctrinal -  |x Tema Principal 
650 |a Catolicismo 
650 |a Cristianismo 
650 |a Religión 
910 |a Fondo General 
920 |a Impresos - Libros 
930 |a Colección General 
905 |a 101 
901 |a 0500141631  |b IT1  |c ACC  |i D  |u 20250521 
902 |a https://opac.biblio.iteso.mx/vufind/Record/000195426